[Event "XXXVIII C.to Italiano"]
[Site "Castelvecchio Pascoli ITA"]
[Date "1977.10.??"]
[Round "5"]
[White "Messa, Roberto"]
[Black "Cappello, Renato"]
[Result "0-1"]
[WhiteElo "2055"]
[BlackElo "2345"]
[PlyCount "82"]
[EventDate "1977.10.13"]

1. e4 c6 2. d4 d5 3. exd5 cxd5 4. Bd3 Nc6 5. c3 Nf6 6. Bf4 g6 7. Nd2 Bg7 8.
Ngf3 O-O 9. h3 Bd7 10. O-O Rc8 11. Re1 Re8 12. Ne5 Nh5 13. Bh2 Nxe5 14. dxe5
Bh6 15. Nf3 Qb6 16. Rb1 Nf4 17. Bxf4 Bxf4 18. Nd4 Bh6 19. h4 Qd8 20. e6 fxe6
21. Nxe6 Qb6 22. Qg4 Rf8 23. Qd4 Qxd4 24. Nxd4 Rfe8 25. Re5 e6 26. h5 Bf4 27.
Ree1 gxh5 28. g3 Bb8 29. Nf3 e5 30. Nh4 a6 31. Bf1 Rf8 32. Bg2 Bc6 33. Rbd1 e4
34. Bh3 Rce8 35. Nf5 Ba7 36. Nd4 Rf6 37. Re2 Ref8 38. Rdd2 Kh8 39. Rd1 h4 40.
gxh4 Rg8+ 41. Kh1 Rf4 0-1

[Event "XXXVIII C.to Italiano"]
[Site "Castelvecchio Pascoli ITA"]
[Date "1977.10.??"]
[Round "5"]
[White "Spinetti, Paolo"]
[Black "Rupeni, Franco"]
[Result "1/2-1/2"]
[WhiteElo "2110"]
[BlackElo "2105"]
[PlyCount "74"]
[EventDate "1977.10.13"]

1. Nf3 Nf6 2. c4 g6 3. Nc3 Bg7 4. g3 c5 5. Bg2 Nc6 6. O-O O-O 7. e4 d6 8. d3 a6
9. h3 Rb8 10. a4 e5 11. Bd2 Nd4 12. Nxd4 cxd4 13. Nd5 Nxd5 14. cxd5 b5 15. a5
b4 16. Ra4 Bd7 17. Rxb4 Rxb4 18. Bxb4 Qb8 19. Qd2 Rc8 20. Ba3 Bb5 21. Rd1 Bf8
22. Bf1 Qc7 23. Be2 Ba4 24. Rf1 Qd8 25. Bd1 Bb5 26. h4 h5 27. Bb3 Kh7 28. Rd1
Bh6 29. Qb4 Bf8 30. Kg2 Rb8 31. Bc4 g5 32. hxg5 Qxg5 33. Qd2 Qg6 34. Qe2 Be7
35. Rh1 h4 36. Bxb5 Rxb5 37. Kf1 Rb8 1/2-1/2

[Event "XXXVIII C.to Italiano"]
[Site "Castelvecchio Pascoli ITA"]
[Date "1977.10.??"]
[Round "5"]
[White "Trabattoni, Franco"]
[Black "Toth, Bela"]
[Result "1-0"]
[WhiteElo "2265"]
[BlackElo "2440"]
[PlyCount "73"]
[EventDate "1977.10.13"]

1. e4 c5 2. Nf3 Nc6 3. d4 cxd4 4. Nxd4 Nf6 5. Nc3 d6 6. Bc4 e6 7. Be3 a6 8. Bb3
Qc7 9. Qe2 Na5 10. O-O-O b5 11. g4 Nd7 12. f4 Nc5 13. f5 b4 14. Na4 Naxb3+ 15.
axb3 e5 16. Nf3 Nxa4 17. bxa4 Qc6 18. Qd3 Bb7 19. Qb3 Rc8 20. Rhe1 Be7 21. Bf2
O-O 22. Kb1 Rc7 23. Nd2 Rfc8 24. Rc1 Bg5 25. Be3 Bxe3 26. Qxe3 Qxa4 27. b3 Qb5
28. f6 gxf6 29. Qh6 Qd7 30. Rf1 d5 31. g5 fxg5 32. Qxg5+ Kf8 33. Qxe5 Qg4 34.
Qd6+ Re7 35. exd5 Qg5 36. Ne4 Qg6 37. Nf6 1-0

[Event "XXXVIII C.to Italiano"]
[Site "Castelvecchio Pascoli ITA"]
[Date "1977.10.??"]
[Round "6"]
[White "Cappello, Renato"]
[Black "Mariotti, Sergio"]
[Result "0-1"]
[WhiteElo "2345"]
[BlackElo "2490"]
[PlyCount "82"]
[EventDate "1977.10.13"]

1. e4 c5 2. Nf3 e6 3. d4 cxd4 4. Nxd4 a6 5. Bd3 Qc7 6. O-O Nf6 7. Kh1 Be7 8. f4
d6 9. c4 Nc6 10. Nxc6 bxc6 11. Nc3 e5 12. b4 Rb8 13. a3 exf4 14. Bxf4 Ng4 15.
c5 Ne5 16. Bxe5 dxe5 17. Bc4 O-O 18. Qh5 Bf6 19. Rad1 g6 20. Qe2 Kg7 21. Bxa6
Bxa6 22. Qxa6 Ra8 23. Qc4 Rxa3 24. Rd6 Be7 25. Rd3 Qc8 26. Nb1 Rxd3 27. Qxd3
Qe6 28. Nd2 Rd8 29. Qc3 Rd4 30. Re1 f6 31. h3 Bd8 32. Ra1 Qd7 33. Nc4 Rd3 34.
Qb2 Be7 35. Nb6 Qe6 36. Ra7 Kh6 37. Qc2 Rd4 38. b5 Bd8 39. bxc6 Qxc6 40. Nd5 f5
41. Qc1+ f4 0-1

[Event "XXXVIII C.to Italiano"]
[Site "Castelvecchio Pascoli ITA"]
[Date "1977.10.??"]
[Round "6"]
[White "Cosulich, Roberto"]
[Black "De Eccher, Stefano"]
[Result "0-1"]
[WhiteElo "2425"]
[BlackElo "2110"]
[PlyCount "78"]
[EventDate "1977.10.13"]

1. e4 e5 2. Nf3 Nc6 3. Bb5 a6 4. Ba4 d6 5. Bxc6+ bxc6 6. d4 f6 7. Be3 Ne7 8.
Nc3 Ng6 9. h4 h5 10. Qd3 Be7 11. O-O-O Bd7 12. Qc4 Qb8 13. dxe5 fxe5 14. Rd3 a5
15. a3 Qb7 16. g3 Qa6 17. Qxa6 Rxa6 18. Ng5 O-O 19. f3 Raa8 20. Na4 Bc8 21. c4
Ba6 22. Rc3 Bxg5 23. Bxg5 c5 24. b3 Bb7 25. Rd3 Rf7 26. Nc3 Nf8 27. f4 exf4 28.
gxf4 Ne6 29. f5 Nd4 30. Nd5 Bxd5 31. cxd5 Re8 32. Re3 Rb8 33. Rhh3 Rff8 34. a4
Rb4 35. Rd3 Ne2+ 36. Kd2 Rxe4 37. Rhe3 Rxe3 38. Rxe3 Nd4 39. Re7 Rxf5 0-1

[Event "XXXVIII C.to Italiano"]
[Site "Castelvecchio Pascoli ITA"]
[Date "1977.10.??"]
[Round "6"]
[White "Passerotti, Pierluigi"]
[Black "Valenti, Giuseppe"]
[Result "1/2-1/2"]
[WhiteElo "2380"]
[BlackElo "2240"]
[PlyCount "156"]
[EventDate "1977.10.13"]

1. c4 g6 2. e4 Bg7 3. d4 Nc6 4. Nf3 e5 5. dxe5 Nxe5 6. Nd4 d6 7. Be2 Nf6 8. Nc3
O-O 9. O-O Re8 10. Bg5 c6 11. Qd2 Qb6 12. Rad1 Ned7 13. f3 Nc5 14. Be3 Nfd7 15.
Qc2 a5 16. Nb3 Qc7 17. Nxc5 Nxc5 18. Qd2 Be5 19. Bh6 f5 20. exf5 Bxf5 21. g4
Bc8 22. Rfe1 Be6 23. f4 Bf6 24. Bf3 Bxc4 25. Rxe8+ Rxe8 26. Qxd6 Qxd6 27. Rxd6
Re1+ 28. Kg2 Bh4 29. Kh3 Be7 30. Rd1 Re3 31. Kg2 Nd3 32. b3 Ba6 33. Ne2 Bb4 34.
f5 Re8 35. Nf4 Nxf4+ 36. Bxf4 gxf5 37. gxf5 Be2 38. Rd7 Bxf3+ 39. Kxf3 Re7 40.
Rd8+ Kf7 41. Bg5 Rc7 42. h4 Be7 43. Ra8 Bb4 44. Ke4 Bc3 45. Bd8 Rd7 46. Bxa5
Bxa5 47. Rxa5 Kf6 48. a4 h5 49. Ra8 Re7+ 50. Kf4 Rd7 51. Rf8+ Kg7 52. Re8 Kf6
53. Re6+ Kf7 54. Ke4 Rd1 55. Rh6 Kg7 56. Rxh5 Rb1 57. Rg5+ Kf7 58. Rg3 Rh1 59.
Kd4 Rxh4+ 60. Kc5 Kf6 61. Rf3 Re4 62. Rf1 Rh4 63. Rf2 Re4 64. Rf3 Rh4 65. a5
Re4 66. b4 Re5+ 67. Kd6 Rb5 68. Rf4 Rd5+ 69. Kc7 Rb5 70. Rc4 Kf7 71. Kb8 Ke7
72. Ka7 Kf7 73. a6 bxa6 74. Kxa6 Kf8 75. f6 Kf7 76. Rf4 Rb8 77. Ka5 Rb7 78. Rc4
Rb5+ 1/2-1/2

[Event "XXXVIII C.to Italiano"]
[Site "Castelvecchio Pascoli ITA"]
[Date "1977.10.??"]
[Round "6"]
[White "Tatai, Stefano"]
[Black "Trabattoni, Franco"]
[Result "1-0"]
[WhiteElo "2480"]
[BlackElo "2265"]
[PlyCount "49"]
[EventDate "1977.10.13"]

1. Nf3 Nf6 2. c4 e6 3. g3 d5 4. Bg2 Be7 5. O-O O-O 6. Qc2 c6 7. d4 Nbd7 8. Nbd2
b6 9. e4 dxe4 10. Nxe4 Nxe4 11. Qxe4 Nf6 12. Qxc6 Bd7 13. Qb7 Rb8 14. Qa6 b5
15. Bf4 bxc4 16. Bxb8 Qxb8 17. a4 Rc8 18. Ne5 Be8 19. Rfc1 Nd5 20. Rxc4 Rxc4
21. Nxc4 Bf8 22. Rc1 Qb3 23. Qxa7 Bxa4 24. Bxd5 exd5 25. Ne5 1-0

[Event "XXXVIII C.to Italiano"]
[Site "Castelvecchio Pascoli ITA"]
[Date "1977.10.??"]
[Round "6"]
[White "Taruffi, Daniele"]
[Black "Spinetti, Paolo"]
[Result "1-0"]
[WhiteElo "2325"]
[BlackElo "2110"]
[PlyCount "65"]
[EventDate "1977.10.13"]

1. e4 e6 2. d4 d5 3. Nc3 Bb4 4. e5 c5 5. a3 Bxc3+ 6. bxc3 Qc7 7. Qg4 f5 8. Qg3
cxd4 9. cxd4 Ne7 10. Bd2 O-O 11. Be3 Nbc6 12. Ne2 Bd7 13. h4 Rf7 14. h5 Raf8
15. Rh4 Nxd4 16. Rxd4 Nc6 17. Rh4 Qxe5 18. Qxe5 Nxe5 19. Rb4 Bc8 20. Nd4 Nc6
21. Nxc6 bxc6 22. Bf4 c5 23. Rb8 c4 24. Be2 Re8 25. Be5 Rb7 26. Rxb7 Bxb7 27.
Rb1 Re7 28. Kd2 Kf7 29. Ke3 g5 30. Kd4 h6 31. Bd1 Bc6 32. c3 Be8 33. Rb8 1-0

[Event "XXXVIII C.to Italiano"]
[Site "Castelvecchio Pascoli ITA"]
[Date "1977.10.??"]
[Round "6"]
[White "Toth, Bela"]
[Black "Messa, Roberto"]
[Result "1-0"]
[WhiteElo "2440"]
[BlackElo "2055"]
[PlyCount "81"]
[EventDate "1977.10.13"]

1. d4 g6 2. c4 Bg7 3. Nc3 d6 4. e4 Nc6 5. d5 Nd4 6. Be3 c5 7. Nge2 Qb6 8. Na4
Qa5+ 9. Bd2 Qa6 10. Nxd4 Bxd4 11. Nc3 Nf6 12. Nb5 Nxe4 13. Qc2 Qb6 14. Qxe4 Bf5
15. Qf3 Bxb2 16. Rd1 Bc2 17. Be2 Bxd1 18. Bxd1 O-O 19. O-O Bg7 20. Bc3 e5 21.
dxe6 fxe6 22. Qe3 Rae8 23. Bxg7 Kxg7 24. Nc3 Qd8 25. Bf3 Qe7 26. Rd1 d5 27.
cxd5 exd5 28. Nxd5 Qxe3 29. fxe3 b5 30. Kf2 c4 31. Rb1 Rb8 32. Ke2 Rfc8 33. Kd2
a5 34. a3 Kf7 35. Kc3 h5 36. h4 Ke6 37. Kd4 Rd8 38. e4 Kf7 39. Rf1 Kg7 40. e5
Rdc8 41. Be4 1-0

[Event "XXXVIII C.to Italiano"]
[Site "Castelvecchio Pascoli ITA"]
[Date "1977.10.??"]
[Round "6"]
[White "Zichichi, Alvise"]
[Black "Rupeni, Franco"]
[Result "1-0"]
[WhiteElo "2350"]
[BlackElo "2105"]
[PlyCount "59"]
[EventDate "1977.10.13"]

1. Nf3 Nf6 2. c4 c6 3. d4 d5 4. cxd5 cxd5 5. Nc3 Nc6 6. Bf4 e6 7. e3 Be7 8. h3
a6 9. Bd3 Bd7 10. Rc1 Rc8 11. O-O b5 12. Ne5 g6 13. a4 b4 14. Nxd7 Nxd7 15.
Bxa6 bxc3 16. Rxc3 Rc7 17. Bb5 Ndb8 18. Qc2 Bd6 19. Bxc6+ Nxc6 20. Rxc6 Bxf4
21. exf4 Rxc6 22. Qxc6+ Kf8 23. Rc1 Kg7 24. g3 Qa5 25. Qc7 Qxc7 26. Rxc7 Rb8
27. a5 Rb5 28. a6 Rxb2 29. a7 Ra2 30. g4 1-0

[Event "XXXVIII C.to Italiano"]
[Site "Castelvecchio Pascoli ITA"]
[Date "1977.10.??"]
[Round "7"]
[White "De Eccher, Stefano"]
[Black "Zichichi, Alvise"]
[Result "0-1"]
[WhiteElo "2110"]
[BlackElo "2350"]
[PlyCount "82"]
[EventDate "1977.10.13"]

1. e4 c5 2. Nf3 e6 3. d3 d5 4. Nbd2 Nc6 5. g3 Nf6 6. Bg2 Be7 7. O-O a5 8. Re1
h6 9. e5 Nd7 10. Nf1 Qc7 11. Qe2 g5 12. h3 b5 13. a4 b4 14. c4 dxc4 15. dxc4
Bb7 16. b3 O-O-O 17. Bb2 h5 18. Ne3 Rdg8 19. Nd5 Qd8 20. Nxe7+ Qxe7 21. Nd2 g4
22. h4 Rd8 23. Rad1 Kc7 24. Qe3 Nd4 25. Bxb7 Kxb7 26. Bxd4 cxd4 27. Qf4 Nb8 28.
Ne4 Nc6 29. Nd6+ Kb8 30. Qe4 Rxd6 31. exd6 Qxd6 32. c5 Qd7 33. Qd3 Rd8 34. Qb5+
Qb7 35. Qc4 Rd5 36. Qc2 Ne5 37. Kf1 d3 38. Qb2 Nf3 39. Qh8+ Ka7 40. Re3 d2 41.
Qf6 Rxc5 0-1

[Event "XXXVIII C.to Italiano"]
[Site "Castelvecchio Pascoli ITA"]
[Date "1977.10.??"]
[Round "7"]
[White "Mariotti, Sergio"]
[Black "Toth, Bela"]
[Result "1/2-1/2"]
[WhiteElo "2490"]
[BlackElo "2440"]
[PlyCount "63"]
[EventDate "1977.10.13"]

1. e4 c5 2. Nf3 Nc6 3. d4 cxd4 4. Nxd4 Nf6 5. Nc3 d6 6. Bg5 e6 7. Qd2 a6 8.
O-O-O h6 9. Bf4 Bd7 10. Nxc6 Bxc6 11. Qe1 Qa5 12. Bc4 Be7 13. Bb3 Rd8 14. f3 b5
15. Nd5 Qxe1 16. Nxf6+ Bxf6 17. Rhxe1 Bg5 18. Be3 Bxe3+ 19. Rxe3 Ke7 20. c4 Rc8
21. cxb5 Bxe4+ 22. Kd2 Bb7 23. bxa6 Bxa6 24. Rc3 d5 25. Rdc1 Kd6 26. Ba4 Rxc3
27. Rxc3 Rc8 28. Rxc8 Bxc8 29. Be8 f6 30. b4 e5 31. a4 d4 32. a5 1/2-1/2

[Event "XXXVIII C.to Italiano"]
[Site "Castelvecchio Pascoli ITA"]
[Date "1977.10.??"]
[Round "7"]
[White "Messa, Roberto"]
[Black "Tatai, Stefano"]
[Result "1/2-1/2"]
[WhiteElo "2055"]
[BlackElo "2480"]
[PlyCount "113"]
[EventDate "1977.10.13"]

1. e4 c5 2. d4 cxd4 3. c3 dxc3 4. Nxc3 Nc6 5. Nf3 e6 6. Bc4 a6 7. O-O Nge7 8.
Bg5 f6 9. Be3 b5 10. Bb3 Na5 11. Bxe6 dxe6 12. Qxd8+ Kxd8 13. Bb6+ Ke8 14. Bxa5
Nc6 15. Bb6 Rb8 16. Be3 Bd7 17. Rfd1 Na5 18. b3 Ba3 19. Rd3 Nc6 20. Rad1 Rb7
21. Ne2 Be7 22. Ned4 Nb8 23. Nd2 Kf7 24. Rc3 Rc8 25. Rxc8 Bxc8 26. Rc1 Bd7 27.
f4 a5 28. N2f3 Bd8 29. Kf2 Rc7 30. Ne1 Rxc1 31. Bxc1 Na6 32. Nd3 Bb6 33. Be3
Nc5 34. Nxc5 Bxc5 35. Ke2 Bd6 36. g3 h6 37. Kd3 g5 38. Ne2 gxf4 39. Nxf4 Bf8
40. Bb6 a4 41. Ke3 e5 42. Nd5 h5 43. Kd3 f5 44. Ne3 fxe4+ 45. Kxe4 Ke6 46. h3
Bc6+ 47. Kd3 Be8 48. g4 Bg6+ 49. Kc3 hxg4 50. hxg4 Bb1 51. bxa4 bxa4 52. Kb2
Be4 53. a3 Be7 54. Ba7 Kf6 55. Nc4 Ke6 56. Bb8 Bd5 57. Nxe5 1/2-1/2

[Event "XXXVIII C.to Italiano"]
[Site "Castelvecchio Pascoli ITA"]
[Date "1977.10.??"]
[Round "7"]
[White "Rupeni, Franco"]
[Black "Taruffi, Daniele"]
[Result "1-0"]
[WhiteElo "2105"]
[BlackElo "2325"]
[PlyCount "81"]
[EventDate "1977.10.13"]

1. e4 c6 2. d4 d5 3. exd5 cxd5 4. Bd3 Nc6 5. c3 Nf6 6. Bf4 Bg4 7. Qb3 Qc8 8.
Nd2 e6 9. Ngf3 Be7 10. O-O O-O 11. Ne5 Bh5 12. Rfe1 Nxe5 13. dxe5 Nd7 14. Qc2
Bg6 15. Nf3 b5 16. Bg5 Bc5 17. Bxg6 hxg6 18. Qd2 Rb8 19. a3 a5 20. Rac1 Qb7 21.
b4 Bb6 22. Be7 Rfc8 23. Bd6 Bc7 24. Bxc7 Rxc7 25. Ng5 Rc4 26. Re3 Rbc8 27. Rce1
Qc7 28. bxa5 Qxa5 29. Rf3 Rf8 30. Qe3 Qxa3 31. Rh3 Re8 32. Kf1 Nf8 33. Qb6 Qc5
34. Qb7 Rf4 35. Ree3 Qc4+ 36. Ke1 d4 37. Ref3 dxc3 38. Nxf7 Re4+ 39. Re3 Rxe3+
40. fxe3 Nh7 41. Nd6 1-0

[Event "XXXVIII C.to Italiano"]
[Site "Castelvecchio Pascoli ITA"]
[Date "1977.10.??"]
[Round "7"]
[White "Spinetti, Paolo"]
[Black "Passerotti, Pierluigi"]
[Result "1-0"]
[WhiteElo "2110"]
[BlackElo "2380"]
[PlyCount "159"]
[EventDate "1977.10.13"]

1. Nf3 Nf6 2. c4 g6 3. g3 Bg7 4. Bg2 O-O 5. O-O d6 6. Nc3 Nc6 7. d4 Bd7 8. h3
Qc8 9. Kh2 a6 10. e3 Rb8 11. Qe2 Re8 12. Bd2 e5 13. d5 Nd8 14. Rfc1 c5 15. a4
b6 16. e4 Nb7 17. Rab1 Nh5 18. Nh4 Qd8 19. Bf3 Nf4 20. gxf4 Qxh4 21. f5 gxf5
22. Rg1 fxe4 23. Bg4 f5 24. Bh5 f4 25. Bg4 Re7 26. Bxd7 Rxd7 27. Rg4 Qh6 28.
Nxe4 Kh8 29. Rbg1 Qh5 30. f3 Rf8 31. Qg2 Qf7 32. Ng5 Qe7 33. Ne6 Rf7 34. Be1
Qf6 35. Bh4 Qh6 36. Bg5 Qg6 37. Be7 Qxg4 38. Qxg4 Rfxe7 39. Qh5 h6 40. Nxg7
Rxg7 41. Qxh6+ Kg8 42. Qe6+ Rdf7 43. Rg4 Rxg4 44. hxg4 Na5 45. g5 Kg7 46. Qh6+
Kg8 47. g6 Ra7 48. b3 Nxb3 49. Qh4 Nd4 50. Qd8+ Kg7 51. Qxd6 Kh6 52. g7+ Kxg7
53. Qxe5+ Kg6 54. Qd6+ Kf5 55. Qxb6 Rh7+ 56. Kg2 Rg7+ 57. Kf2 Rg3 58. Qb1+ Kf6
59. Qe4 Rxf3+ 60. Qxf3 Nxf3 61. Kxf3 Kf5 62. a5 Ke5 63. d6 Kxd6 64. Kxf4 Ke6
65. Ke4 Kd6 66. Kf5 Kc7 67. Ke5 Kc6 68. Ke6 Kc7 69. Kd5 Kd7 70. Kxc5 Kc7 71.
Kd5 Kd7 72. c5 Kc7 73. c6 Kc8 74. Kd4 Kd8 75. Kc4 Kc8 76. Kd5 Kc7 77. Kc5 Kc8
78. Kb6 Kb8 79. Kxa6 Kc7 80. Kb5 1-0

[Event "XXXVIII C.to Italiano"]
[Site "Castelvecchio Pascoli ITA"]
[Date "1977.10.??"]
[Round "7"]
[White "Trabattoni, Franco"]
[Black "Cosulich, Roberto"]
[Result "1/2-1/2"]
[WhiteElo "2265"]
[BlackElo "2425"]
[PlyCount "44"]
[EventDate "1977.10.13"]

1. e4 e6 2. d3 c5 3. Nf3 Nc6 4. g3 g6 5. Bg2 Bg7 6. O-O Nge7 7. Nc3 O-O 8. Bd2
d6 9. Rb1 Rb8 10. a3 b5 11. b4 a6 12. Ne2 e5 13. Be3 Nd4 14. c3 Nxf3+ 15. Bxf3
cxb4 16. cxb4 Be6 17. a4 f5 18. Bg2 Qd7 19. a5 d5 20. Bc5 Rfd8 21. f4 dxe4 22.
dxe4 Qe8 1/2-1/2

[Event "XXXVIII C.to Italiano"]
[Site "Castelvecchio Pascoli ITA"]
[Date "1977.10.??"]
[Round "7"]
[White "Valenti, Giuseppe"]
[Black "Cappello, Renato"]
[Result "0-1"]
[WhiteElo "2240"]
[BlackElo "2345"]
[PlyCount "80"]
[EventDate "1977.10.13"]

1. e4 e6 2. d4 d5 3. Nd2 Nf6 4. e5 Nfd7 5. Bd3 c5 6. c3 Nc6 7. Ne2 cxd4 8. cxd4
f6 9. exf6 Qxf6 10. Nf3 Bb4+ 11. Nc3 e5 12. dxe5 Ndxe5 13. Nxe5 Qxe5+ 14. Qe2
d4 15. O-O Bxc3 16. bxc3 Qxe2 17. Bxe2 dxc3 18. Bb5 Bf5 19. Be3 a6 20. Ba4 b5
21. Bb3 Na5 22. Bd5 O-O-O 23. Rfd1 Nc4 24. Bg5 c2 25. Bb7+ Kxb7 26. Rxd8 Rxd8
27. Bxd8 a5 28. f3 b4 29. g4 a4 30. Bg5 b3 31. axb3 axb3 32. Bc1 b2 33. Bxb2
Nxb2 34. gxf5 Nd3 35. Kg2 c1=Q 36. Rxc1 Nxc1 37. Kg3 Kc7 38. Kg4 Kd7 39. h4 Ke7
40. Kg5 Kf7 0-1

[Event "XXXVIII C.to Italiano"]
[Site "Castelvecchio Pascoli ITA"]
[Date "1977.10.??"]
[Round "8"]
[White "Cappello, Renato"]
[Black "Spinetti, Paolo"]
[Result "1-0"]
[WhiteElo "2345"]
[BlackElo "2110"]
[PlyCount "67"]
[EventDate "1977.10.13"]

1. e4 e6 2. d4 d5 3. Nd2 Nf6 4. e5 Nfd7 5. f4 c5 6. c3 Nc6 7. Ndf3 Qb6 8. g3
cxd4 9. cxd4 Bb4+ 10. Kf2 f6 11. Kg2 Nf8 12. Bd3 Bd7 13. Ne2 O-O-O 14. a3 Be7
15. b4 Be8 16. Be3 fxe5 17. fxe5 Bg6 18. Nc3 Bxd3 19. Qxd3 Kb8 20. Na4 Qc7 21.
Rhc1 Qd7 22. Nc5 Bxc5 23. dxc5 h6 24. b5 Na5 25. c6 Qc7 26. b6 axb6 27. Bxb6
Qxb6 28. c7+ Qxc7 29. Rxc7 Kxc7 30. Qb5 Ra8 31. Rc1+ Nc6 32. Nd4 Ra6 33. Rb1
Nd8 34. Qe8 1-0

[Event "XXXVIII C.to Italiano"]
[Site "Castelvecchio Pascoli ITA"]
[Date "1977.10.??"]
[Round "8"]
[White "Cosulich, Roberto"]
[Black "Messa, Roberto"]
[Result "1-0"]
[WhiteElo "2425"]
[BlackElo "2055"]
[PlyCount "125"]
[EventDate "1977.10.13"]

1. e4 g6 2. d4 Bg7 3. Nf3 d6 4. Bc4 Nf6 5. Qe2 c6 6. Bb3 O-O 7. O-O a5 8. a4
Bg4 9. Nbd2 d5 10. e5 Nfd7 11. h3 Bxf3 12. Nxf3 e6 13. c3 c5 14. dxc5 Nc6 15.
Bf4 Nxc5 16. Bc2 Qb6 17. Rab1 Nd7 18. Rfe1 Rac8 19. Qd2 Qc7 20. Qe2 Rfd8 21.
Rbd1 Qb6 22. Bd3 Qc7 23. Bb5 Nc5 24. Qe3 Nd7 25. Re2 Qb6 26. Qd2 Qc7 27. Rde1
Nb6 28. Bg5 Rf8 29. Bh6 Qe7 30. Qf4 Rfe8 31. Bg5 Qf8 32. h4 h6 33. Bf6 Nd7 34.
Bxg7 Qxg7 35. Re3 Red8 36. h5 g5 37. Qg3 Nc5 38. Qg4 Rc7 39. Nd4 Kh8 40. Qd1
Rg8 41. g4 Rgc8 42. Bf1 Kg8 43. Bb5 Rb8 44. Qe2 Qh7 45. f3 Kh8 46. Rf1 Qg7 47.
Kg2 Nd7 48. Re1 Nc5 49. Kh3 Kg8 50. Qh2 Qh7 51. Rf1 Kh8 52. f4 gxf4 53. Qxf4
Ne4 54. Nf3 Qg7 55. Bd3 Nc5 56. Bb1 Rg8 57. Rg1 Ne4 58. Bxe4 dxe4 59. Rxe4 Rd7
60. g5 Rd3 61. Re3 Rxe3 62. Qxe3 Qh7 63. Qf4 1-0

[Event "XXXVIII C.to Italiano"]
[Site "Castelvecchio Pascoli ITA"]
[Date "1977.10.??"]
[Round "8"]
[White "De Eccher, Stefano"]
[Black "Trabattoni, Franco"]
[Result "1/2-1/2"]
[WhiteElo "2110"]
[BlackElo "2265"]
[PlyCount "25"]
[EventDate "1977.10.13"]

1. e4 c5 2. c4 Nc6 3. Nc3 g6 4. g3 Bg7 5. Bg2 e5 6. d3 d6 7. Nge2 Nge7 8. O-O
O-O 9. Rb1 f5 10. f4 fxe4 11. dxe4 Nd4 12. fxe5 dxe5 13. Nxd4 1/2-1/2

[Event "XXXVIII C.to Italiano"]
[Site "Castelvecchio Pascoli ITA"]
[Date "1977.10.??"]
[Round "8"]
[White "Tatai, Stefano"]
[Black "Mariotti, Sergio"]
[Result "1-0"]
[WhiteElo "2480"]
[BlackElo "2490"]
[PlyCount "123"]
[EventDate "1977.10.13"]

1. d4 Nf6 2. c4 c5 3. Nf3 cxd4 4. Nxd4 Nc6 5. Nc3 e6 6. g3 Qb6 7. Nc2 a6 8. Bg2
d6 9. O-O Be7 10. b3 O-O 11. Bb2 Rd8 12. Qd2 Bd7 13. Rfd1 Be8 14. Rab1 Rab8 15.
Ba1 Qc7 16. a4 Na7 17. Rdc1 Rdc8 18. Ne3 Qd8 19. Ne4 Nxe4 20. Bxe4 Nc6 21. b4
Bf8 22. b5 Ne5 23. c5 axb5 24. axb5 Nd7 25. cxd6 Nc5 26. Bf3 Bxd6 27. Nc4 Bf8
28. Qxd8 Rxd8 29. Be5 Ra8 30. Bc7 Rd4 31. Bb6 f6 32. Ne3 Bg6 33. Rb2 Rd7 34.
Rxc5 Bxc5 35. Bxc5 Ra4 36. b6 e5 37. Bg4 Rd8 38. Be6+ Bf7 39. Be7 Rb8 40. Bd6
Rba8 41. Bxf7+ Kxf7 42. Bc7 Ke6 43. f4 g6 44. Rc2 R8a5 45. fxe5 fxe5 46. Rc4
Ra2 47. Kf2 Ra8 48. Rc2 Rf8+ 49. Kg2 Rxc2 50. Nxc2 Kd5 51. Nb4+ Kd4 52. Nd3 e4
53. Nf4 Ke3 54. h4 Rf5 55. Kf1 h6 56. Kg1 g5 57. hxg5 hxg5 58. Ne6 Rd5 59. Nxg5
Rd4 60. Kf1 Rd1+ 61. Kg2 Rd5 62. Bf4+ 1-0

[Event "XXXVIII C.to Italiano"]
[Site "Castelvecchio Pascoli ITA"]
[Date "1977.10.??"]
[Round "8"]
[White "Toth, Bela"]
[Black "Valenti, Giuseppe"]
[Result "1-0"]
[WhiteElo "2440"]
[BlackElo "2240"]
[PlyCount "67"]
[EventDate "1977.10.13"]

1. d4 Nf6 2. c4 c5 3. d5 e6 4. Nc3 exd5 5. cxd5 d6 6. Nf3 g6 7. Nd2 Bg7 8. e4
O-O 9. Be2 Re8 10. O-O Na6 11. Kh1 Nc7 12. a4 b6 13. f3 Nd7 14. Nc4 Ne5 15. Ne3
f5 16. f4 Nf7 17. exf5 gxf5 18. Bd3 Qf6 19. Qc2 Nh6 20. Bd2 Bd7 21. Rf3 Re7 22.
Raf1 Kh8 23. Rg3 Qf7 24. Rh3 Rf8 25. Be2 Ne8 26. Bh5 Qg8 27. Nc4 Nf6 28. Nxd6
Nxd5 29. Nf7+ Nxf7 30. Nxd5 Re4 31. Rg3 Nd8 32. Bc3 Ne6 33. Ne7 Nd4 34. Nxg8
1-0

[Event "XXXVIII C.to Italiano"]
[Site "Castelvecchio Pascoli ITA"]
[Date "1977.10.??"]
[Round "9"]
[White "Messa, Roberto"]
[Black "De Eccher, Stefano"]
[Result "1-0"]
[WhiteElo "2055"]
[BlackElo "2110"]
[PlyCount "67"]
[EventDate "1977.10.13"]

1. e4 e5 2. Nf3 Nc6 3. Bb5 a6 4. Ba4 d6 5. Bxc6+ bxc6 6. d4 f6 7. Be3 Ne7 8.
Nc3 Ng6 9. Qd2 Bd7 10. O-O-O Be7 11. h4 h5 12. d5 Qb8 13. Rdg1 Qb7 14. Ne1 Rb8
15. b3 a5 16. g4 hxg4 17. h5 Nf4 18. Bxf4 exf4 19. f3 a4 20. Qxf4 axb3 21. axb3
Qb4 22. Qe3 c5 23. fxg4 c4 24. bxc4 Ra8 25. Qd4 Ra3 26. Kd2 Rg8 27. Nf3 f5 28.
Rb1 Qa5 29. g5 Qxc3+ 30. Qxc3 Rxc3 31. Kxc3 fxe4 32. Rb8+ Bd8 33. Nd4 Rf8 34.
Rh4 1-0

[Event "XXXVIII C.to Italiano"]
[Site "Castelvecchio Pascoli ITA"]
[Date "1977.10.??"]
[Round "9"]
[White "Spinetti, Paolo"]
[Black "Toth, Bela"]
[Result "0-1"]
[WhiteElo "2110"]
[BlackElo "2440"]
[PlyCount "102"]
[EventDate "1977.10.13"]

1. Nf3 Nf6 2. c4 b6 3. g3 Bb7 4. Bg2 c5 5. Nc3 e6 6. O-O Be7 7. d3 O-O 8. e4 d6
9. h3 a6 10. Be3 Qc7 11. Qc2 Nbd7 12. Nh2 Bc6 13. f4 b5 14. Ng4 Nxg4 15. hxg4
h6 16. Bf3 Rab8 17. b3 Bf6 18. Rad1 Bxc3 19. Qxc3 b4 20. Qc2 e5 21. Qh2 f6 22.
g5 exf4 23. gxf4 fxg5 24. Bg4 gxf4 25. Be6+ Kh8 26. Bxf4 Rxf4 27. Rxf4 Ne5 28.
Rdf1 Qe7 29. Qh3 a5 30. Rh4 Qg5+ 31. Kh1 Nxd3 32. Rg4 Qe5 33. Bf5 Rf8 34. Qg2
Qe7 35. Qg3 Rxf5 36. Rxf5 Bxe4+ 37. Rxe4 Qxe4+ 38. Qf3 Qh4+ 39. Kg1 Qe1+ 40.
Kg2 Ne5 41. Rf8+ Kh7 42. Qf5+ Ng6 43. Qd3 Qe5 44. Ra8 Qb2+ 45. Kf3 h5 46. Ra6
Qc3 47. Qxc3 bxc3 48. Ke3 Nh4 49. Rxa5 Nf3 50. Kd3 h4 51. b4 h3 0-1

[Event "XXXVIII C.to Italiano"]
[Site "Castelvecchio Pascoli ITA"]
[Date "1977.10.??"]
[Round "9"]
[White "Taruffi, Daniele"]
[Black "Passerotti, Pierluigi"]
[Result "1-0"]
[WhiteElo "2325"]
[BlackElo "2380"]
[PlyCount "87"]
[EventDate "1977.10.13"]

1. e4 c5 2. c4 g6 3. g3 Bg7 4. Bg2 Nc6 5. Nc3 d6 6. Nge2 e6 7. O-O Nge7 8. Rb1
O-O 9. a3 b6 10. b4 Bb7 11. d3 Nd4 12. Nxd4 cxd4 13. Ne2 d5 14. exd5 exd5 15.
c5 Rc8 16. cxb6 Qxb6 17. Bd2 Rc3 18. Bxc3 dxc3 19. d4 Ba6 20. b5 Bb7 21. Qd3
Nf5 22. Nxc3 Rd8 23. Ne2 Nxd4 24. Nxd4 Bxd4 25. Rbd1 Bc5 26. a4 Rd7 27. Qb3 Qd8
28. Rd3 d4 29. Bxb7 Rxb7 30. Rc1 Bb6 31. Rc6 Qe7 32. Rc8+ Kg7 33. Qa3 Qe1+ 34.
Kg2 Re7 35. Qd6 Qe4+ 36. Rf3 f5 37. Rc6 Rf7 38. Qe6 d3 39. Qxe4 fxe4 40. Rxf7+
Kxf7 41. Kf1 d2 42. Ke2 d1=Q+ 43. Kxd1 Bxf2 44. a5 1-0

[Event "XXXVIII C.to Italiano"]
[Site "Castelvecchio Pascoli ITA"]
[Date "1977.10.??"]
[Round "10"]
[White "Cappello, Renato"]
[Black "Taruffi, Daniele"]
[Result "1/2-1/2"]
[WhiteElo "2345"]
[BlackElo "2325"]
[PlyCount "35"]
[EventDate "1977.10.13"]

1. d4 Nf6 2. Nf3 e6 3. c4 b6 4. g3 Bb7 5. Bg2 Be7 6. Nc3 O-O 7. O-O d5 8. Ne5
c6 9. Qa4 Nbd7 10. Nxd7 Nxd7 11. Bf4 Nf6 12. Rad1 dxc4 13. Qxc4 b5 14. Qb3 Qb6
15. Ne4 Nxe4 16. Bxe4 c5 17. dxc5 Bxc5 18. Bxb7 1/2-1/2